000 00555nam a22002057a 4500
003 OSt
005 20140310182840.0
008 130608t xxu||||| |||| 00| 0 eng d
020 _a9789814252102
050 _aQC 929
_b.V496 2009
082 _aM 810.9
_bV493 2009
245 _aA Programmed Self-study Course: General Paper
_cVerghese, Dr. C. Paul
260 _aSingapore
_bFairfield Book Publishers
_cc2009
300 _a224 p.
521 _acollege students
526 _c1210L-1700L
541 _j1
562 _e1
942 _2lcc
_cBK
_kM
999 _c16837
_d16837